那覇 泊港から行ける離島 - Statistics

General Stats
  • This quiz has been taken 43 times
  • The average score is 6 of 8
Answer Stats
運航 運航船 島名 % Correct
久米商船 フェリー琉球/フェリー海邦 久米島
95%
渡嘉敷村営 フェリーとかしき/マリンライナーとかしき 渡嘉敷島
84%
南大東島
79%
粟国村営 ニューフェリーあぐに 粟国島
76%
渡名喜島
76%
大東海運 フェリーだいとう 北大東島
76%
座間味村営 フェリーざまみ3/クィーンざまみ 座間味島
68%
阿嘉島
34%
No matching quizzes found
Score Distribution
Percent of People with Each Score
Percentile by Number Answered
Your Score History
You have not taken this quiz